|
|
|
|
| LEADER |
00000nab a2200000 a 4500 |
| 001 |
vtls000546265 |
| 003 |
SK-MaSNL |
| 005 |
20260303011938.0 |
| 008 |
150430c1995 xo 0 slo |
| 015 |
|
|
|a SNBRB19rr/mm-uuuuu
|
| 035 |
|
|
|a CL0546403
|
| 040 |
|
|
|a SNKBUCL
|b slo
|c SNKBUCL
|e AACR2
|
| 041 |
0 |
|
|a slo
|
| 044 |
|
|
|a xo
|c SK
|
| 080 |
|
|
|a 284.2(437.6)
|2 1981
|
| 100 |
1 |
|
|a Peres, Imrich,
|d 1953-
|4 aut
|9 211776
|
| 245 |
1 |
0 |
|a Dejiny teologického seminára v Lučenci 3
|c Imrich Peres
|
| 650 |
0 |
7 |
|a Kresťanská reformovaná cirkev kalvínska
|2 snkbucl
|9 942542
|
| 650 |
0 |
7 |
|a semináre teologické
|2 snkbucl
|9 991070
|
| 651 |
|
7 |
|a 5305
|2 snkbucl
|9 277892
|
| 651 |
|
7 |
|a Lučenec (Slovensko)
|2 snkbucl
|9 29545
|
| 655 |
|
7 |
|a články z novín a časopisov
|2 snkbucl
|9 267496
|
| 773 |
0 |
|
|t Kalvínske hlasy
|g Roč. 66, č. 4 (1995), s. 3
|
| 850 |
|
|
|a Slovenská národná knižnica v Martine
|a MTA001
|
| 852 |
|
|
|a SNK
|b KIS3GCP
|
| 958 |
|
|
|a RK
|
| 958 |
|
|
|a SK
|
| 992 |
|
|
|a RBX
|
| 999 |
|
|
|c 1594813
|d 1596743
|